000 00916nas a2200277 4500
001 BR9206801
003 BR-BrBNA
005 20231205092954.0
007 ta
008 230509b bl.|||p| |||| 00| 00por d
040 _aBR-BrBNA
_bpor
_cBiblioteca Nacional de Agricultura
041 _a(Pt)
072 _aL10
100 1 _aFerreira, M.O. de O.
100 1 _aCampos, E.J.
100 1 _aRodriguez, N.M.
100 1 _aSantos, M.W. dos
245 1 _aEfeitos de niveis de energia metabolizavel e da energia fasica sobre o nivel de colesterol no soro de poedeiras comerciais
650 _aGALINHA PARA POSTURA
650 _aLINHAGEM
650 _aCOLESTEROL
650 _aSORO
773 0 _tArquivos da Escola de Veterinaria da Universidade Federal de Minas Gerais (Brazil)
_xISSN 0365-8384
_g(Dec 1980), v. 32(3) p. 423-433
_wBR9206801
909 _a202311
_bLúcia
_c55
_dLúcia Elande
942 _2AGRIS
_n0
_cANA
999 _c135483
_d135483